Tableaux de Johannes Vermeer - Mort subite - Statistiques

Statistiques générales
  • Ce quiz a été pris 57 fois
  • Le résultat moyen est 4 sur 15
Answers on the Grid
Answers color-coded by a green-red scale on the quiz's grid according to % correct below.
La Laitière
La Dentellière
La Jeune Fille au verre de vin
Jeune fille avec un collier de perles
La Leçon de musique
Les Ménines
Le Concert interrompu
La Lettre d’amour
L’Art de la peinture
L’Astronome
La Jeune Fille à la perle
La Vue de Delft
La Femme au luth
La Ruelle
Le Reniement de Saint Pierre
Le Géographe
La Jeune Femme au clavecin
L’Atelier du peintre
Femme avec une balance
Dame écrivant une lettre et sa servante
La Femme en bleu lisant une lettre
La Diseuse de bonne aventure
 
Statistiques - réponses
Réponse % Correct
La Laitière
90%
La Jeune Fille à la perle
58%
La Dentellière
48%
L’Astronome
25%
La Vue de Delft
25%
La Leçon de musique
23%
Le Géographe
23%
La Lettre d’amour
20%
La Femme au luth
18%
La Femme en bleu lisant une lettre
18%
La Jeune Fille au verre de vin
13%
L’Art de la peinture
13%
Dame écrivant une lettre et sa servante
10%
Femme avec une balance
10%
La Ruelle
5%
Aucun quiz correspondant
Distribution des résultats
% des personnes avec chaque résultat
Percentile par nombre de réponses
Votre historique - résultats
Vous n’avez pas pris ce quiz